000 00312nam a2200121Ia 4500
008 230822s2015 xx 000 0 und d
020 _a978-81-8371-663-5
041 _aeng
100 _aGILL R.W.
245 _aRENDERING WITH PEN AND INK
260 _bAFFILIATED EAST-WEST PRESS PVT. LTD.
_c2015
300 _a300
999 _c859341
_d859341